000 00883nam a22002057a 4500
999 _c58887
_d58887
003 Ge_BSU
005 20221013120852.0
008 221013s1989 ge ||||| |||| 00| 0 geo d
020 _a55110002656
041 _ageo
080 _a159.9(075.8) ნ-19
100 _aნათაძე, რევაზ
_915321
245 _aფსიქოლოგიის მოკლე კურსი :
_b[სახელმძღვ. სტუდენტებისათვის] /
_cრევაზ ნათაძე; რედ. მ. ჯანელიძე.
250 _aმე-5 გამოც.
264 _aთბილისი :
_bთბილ. უნ-ტის გამ-ბა,
_c1989.
300 _a358 გვ. ;
_b22 სმ.
653 _aფსიქოლოგია
700 _aჯანელიძე, მ.
_eრედაქტორი
_91315
942 _2udc
_cBK